000 00971nam a2200265Ia 4500
003 OSt
005 20221005111300.0
006 a|||||r|||| 00| 0
007 ta
008 221004b |||||||| |||| 00| 0 hin d
020 _a9789352294336 (pbk)
_cIndian Rupees 240.00
024 _a27869
037 _bGift, 04/10/2016,
_cTextual
040 _aCRL
_cCRL
_bhin
041 _2hin
_ahin
082 _aO152,1:gJ, Q6
100 _aमिश्र, रामदरश, संपा.
245 0 _aप्राचीन एवं मध्यकालीन काव्य
246 _aPrāchīn evan madhyakālīn kāvya
260 _aनई दिल्ली
_bवाणी प्रकाशन भारत
_c2016
300 _a239पृ0
_ccm.
650 _aहिन्दी साहित्य
942 _hO152,1:gJ, Q6
_cTEXL
_2cc
999 _c1021367
_d1021367